Adventures in UNIX network application (Record no. 198510)

MARC details
000 -LEADER
fixed length control field 00448nam a2200157Ia 4500
005 - DATE AND TIME OF LATEST TRANSACTION
control field 20250529135328.0
008 - FIXED-LENGTH DATA ELEMENTS--GENERAL INFORMATION
fixed length control field 231217s9999 xx 000 0 und d
020 ## - INTERNATIONAL STANDARD BOOK NUMBER
International Standard Book Number 9780471528586
082 ## - DEWEY DECIMAL CLASSIFICATION NUMBER
Classification number 001.6424UNI RIE;1 R
100 ## - MAIN ENTRY--PERSONAL NAME
Personal name Rieken,Bill. Weinan, lyle.
245 #0 - TITLE STATEMENT
Title Adventures in UNIX network application
260 ## - PUBLICATION, DISTRIBUTION, ETC. (IMPRINT)
Date of publication, distribution, etc. 1992
Name of publisher, distributor, etc. John willey
Place of publication, distribution, etc. New York
300 ## - PHYSICAL DESCRIPTION
Extent xv,447
650 ## - SUBJECT ADDED ENTRY--TOPICAL TERM
Topical term or geographic name as entry element Unix,V/386,release,4,integrated,software
942 ## - ADDED ENTRY ELEMENTS (KOHA)
Koha item type Books
Holdings
Date last seen Total Checkouts Full call number Accession number Price effective from Category Lost status Damaged status Department Withdrawn status Permanent Location Current Location Shelving location Entry date Grants Currency symbol Conversion rate Discount Discount type
26/01/2024   001.6424UNI RIE;1 R 92105 26/01/2024 Books     Central Library   Central Library Central Library Central Library 09/08/2018 DONATED RS 1   Rupees

© For any Suggestions or Query, please contact the library staff @ librarian@pes.edu or Phone: +9180 2672 1983/ 2108.